GERMAN GENERALS OF WORLD WAR-II AS I SAW THEM (Record no. 581780)
[ view plain ]
| 000 -LEADER | |
|---|---|
| fixed length control field | 00288nam a22001097a 4500 |
| 082 ## - DEWEY DECIMAL CLASSIFICATION NUMBER | |
| Classification number | 355.02-G MEL'G |
| 100 ## - MAIN ENTRY--PERSONAL NAME | |
| Personal name | MELLENTHIM, F. W. VAN |
| 9 (RLIN) | 76387 |
| 245 ## - TITLE STATEMENT | |
| Title | GERMAN GENERALS OF WORLD WAR-II AS I SAW THEM |
| 260 ## - PUBLICATION, DISTRIBUTION, ETC. | |
| Place of publication, distribution, etc. | NORMAN |
| Name of publisher, distributor, etc. | UNIVERSITY OF OKLAHAMA |
| Date of publication, distribution, etc. | 1977 |
| 300 ## - PHYSICAL DESCRIPTION | |
| Extent | 300P |
| 942 ## - ADDED ENTRY ELEMENTS (KOHA) | |
| Koha item type | Book |
| Withdrawn status | Lost status | Damaged status | Not for loan | Permanent Location | Current Location | Shelving location | Date acquired | Total Checkouts | Full call number | Barcode | Date last seen | Price effective from | Koha item type |
|---|---|---|---|---|---|---|---|---|---|---|---|---|---|
| College of Electrical & Mechanical Engineering (CEME) | College of Electrical & Mechanical Engineering (CEME) | General Stacks | 05/29/2017 | 355.02-G MEL'G | CEME-10803 | 06/28/2021 | 06/28/2021 | Book |
